<?xml version="1.0" encoding="UTF-8"?>
<record
    xmlns:xsi="http://www.w3.org/2001/XMLSchema-instance"
    xsi:schemaLocation="http://www.loc.gov/MARC21/slim http://www.loc.gov/standards/marcxml/schema/MARC21slim.xsd"
    xmlns="http://www.loc.gov/MARC21/slim">

  <leader>00526nam a22002057a 4500</leader>
  <datafield tag="999" ind1=" " ind2=" ">
    <subfield code="c">2050</subfield>
    <subfield code="d">2050</subfield>
  </datafield>
  <controlfield tag="003">SLTCLib</controlfield>
  <controlfield tag="008">260625b        ce ||||| |||| 00| 0 eng d</controlfield>
  <datafield tag="020" ind1=" " ind2=" ">
    <subfield code="a">8178086883</subfield>
  </datafield>
  <datafield tag="041" ind1=" " ind2=" ">
    <subfield code="a">English </subfield>
  </datafield>
  <datafield tag="080" ind1=" " ind2=" ">
    <subfield code="a">621.391</subfield>
    <subfield code="b">OPP</subfield>
  </datafield>
  <datafield tag="100" ind1=" " ind2=" ">
    <subfield code="a">Oppenheim, Alan V.</subfield>
    <subfield code="9">1371</subfield>
  </datafield>
  <datafield tag="245" ind1=" " ind2=" ">
    <subfield code="a">Signal &amp; Systems</subfield>
  </datafield>
  <datafield tag="250" ind1=" " ind2=" ">
    <subfield code="a">2nd ed</subfield>
  </datafield>
  <datafield tag="260" ind1=" " ind2=" ">
    <subfield code="a">India</subfield>
    <subfield code="b">Pearson Education</subfield>
    <subfield code="c">2002</subfield>
  </datafield>
  <datafield tag="300" ind1=" " ind2=" ">
    <subfield code="a">957p.</subfield>
  </datafield>
  <datafield tag="650" ind1=" " ind2="0">
    <subfield code="9">2663</subfield>
    <subfield code="a">Digital signal processing</subfield>
  </datafield>
  <datafield tag="650" ind1=" " ind2="0">
    <subfield code="9">1986</subfield>
    <subfield code="a">Digital techniques</subfield>
  </datafield>
  <datafield tag="700" ind1=" " ind2=" ">
    <subfield code="a">Willsky, Alan S.</subfield>
    <subfield code="9">1372</subfield>
  </datafield>
  <datafield tag="942" ind1=" " ind2=" ">
    <subfield code="2">lcc</subfield>
    <subfield code="c">MLN</subfield>
  </datafield>
  <datafield tag="945" ind1=" " ind2=" ">
    <subfield code="a">3725</subfield>
    <subfield code="b">Ishara wickramage</subfield>
    <subfield code="c">3725</subfield>
    <subfield code="d">Ishara wickramage</subfield>
  </datafield>
  <datafield tag="952" ind1=" " ind2=" ">
    <subfield code="0">0</subfield>
    <subfield code="1">0</subfield>
    <subfield code="2">ddc</subfield>
    <subfield code="4">0</subfield>
    <subfield code="7">0</subfield>
    <subfield code="a">SLTC</subfield>
    <subfield code="b">SLTC</subfield>
    <subfield code="c">LES</subfield>
    <subfield code="d">2026-06-25</subfield>
    <subfield code="e">Donation</subfield>
    <subfield code="o">621.391 OPP</subfield>
    <subfield code="p">003461</subfield>
    <subfield code="r">2026-06-25</subfield>
    <subfield code="w">2026-06-25</subfield>
    <subfield code="y">MLN</subfield>
  </datafield>
</record>
